LEADER 01309nam 2200421 450 001 9910825137603321 005 20230808191903.0 010 $a3-86945-868-2 035 $a(CKB)3710000000604570 035 $a(MiAaPQ)EBC4688194 035 $a(EXLCZ)993710000000604570 100 $a20170705h20162016 uy 0 101 0 $ager 135 $aurcnu|||||||| 181 $2rdacontent 182 $2rdamedia 183 $2rdacarrier 200 10$aUlrich von Wilamowitz-Moellendorf $eDer deutsche Kujawiak /$fAntonio Tibiletti 210 1$aNordhausen, [Germany] :$cVerlag Traugott Bautz GmbH,$d2016. 210 4$d©2016 215 $a1 online resource (97 pages) 225 1 $aStudia Classica et Mediaevalia ;$vBand 11 311 $a3-95948-096-2 320 $aIncludes bibliographical references and index. 410 0$aStudia classica et mediaevalia ;$vBand 11. 606 $aClassicists$zGermany$vBiography 606 $aClassical philology$zGermany$xHistory 615 0$aClassicists 615 0$aClassical philology$xHistory. 676 $a480.092 700 $aTibiletti$b Antonio$01703919 801 0$bMiAaPQ 801 1$bMiAaPQ 801 2$bMiAaPQ 906 $aBOOK 912 $a9910825137603321 996 $aUlrich von Wilamowitz-Moellendorf$94089505 997 $aUNINA LEADER 01686nam0 22004093i 450 001 VAN0211515 005 20230609123423.761 017 70$2N$a9783030009045 100 $a20210907d2018 |0itac50 ba 101 $aeng 102 $aCH 105 $a|||| ||||| 200 1 $aObserver's Guide to Variable Stars$fMartin Griffiths 210 $aCham$cSpringer$d2018 215 $axv, 316 p.$cill.$d24 cm 410 1$1001VAN0132688$12001 $aˆThe ‰Patrick Moore Practical Astronomy Series$1210 $aNew York [etc.]$cSpringer 500 1$3VAN0211518$aObserver's Guide to Variable Stars$92514113 606 $a85-XX$xAstronomy and Astrophysics [MSC 2020]$3VANC023246$2MF 610 $aAmateur Astronomy$9KW:K 610 $aAstronomy equipment$9KW:K 610 $aAstronomy software$9KW:K 610 $aAstronomy technology$9KW:K 610 $aCCD photometry$9KW:K 610 $aFinder chart$9KW:K 610 $aObservational astronomy$9KW:K 610 $aVariable stars$9KW:K 620 $aCH$dCham$3VANL001889 700 1$aGriffiths$bMartin$3VANV107822$0144572 712 $aSpringer $3VANV108073$4650 801 $aIT$bSOL$c20240614$gRICA 856 4 $uhttp://doi.org/10.1007/978-3-030-00904-5$zE-book ? Accesso al full-text attraverso riconoscimento IP di Ateneo, proxy e/o Shibboleth 899 $aBIBLIOTECA DEL DIPARTIMENTO DI MATEMATICA E FISICA$1IT-CE0120$2VAN08 912 $fN 912 $aVAN0211515 950 $aBIBLIOTECA DEL DIPARTIMENTO DI MATEMATICA E FISICA$d08CONS e-book 3622 $e08eMF3622 20210907 996 $aObserver's Guide to Variable Stars$92514113 997 $aUNICAMPANIA